000
00268nam a22001217a 4500
999
_c
162099
_d
162099
082
_a
_b
100
_a
Mackenzie C F
245
_a
Histories of India/
_c
by Mackenzie C F.
260
_a
New Delhi:
_b
Discovery,
_c
1989.
300
_a
277p.
650
_a
942
_c
BK